U.S. States With The Most Canadians - Statistics

General Stats
  • This quiz has been taken 52 times
  • The average score is 7 of 10
Answer Stats
% Of State Population Amount Answer % Correct
0.19% 37,475 New York
98%
0.18% 70,458 California
96%
0.26% 59,982 Florida
91%
0.34% 26,310 Washington
84%
0.1% 32,388 Texas
82%
0.37% 37,188 Michigan
80%
0.12% 13,818 Ohio
56%
0.58% 40,724 Massachusetts
51%
0.27% 20,564 Arizona
44%
0.13% 13,972 North Carolina
36%
No matching quizzes found
Score Distribution
Percent of People with Each Score
Percentile by Number Answered
Your Score History
You have not taken this quiz